[Event "FRA-ch U14"]
[Site "La Roche sur Yon"]
[Date "2008.04.21"]
[Round "1"]
[White "Lagarde, Maxime"]
[Black "Lehaut, Mathieu"]
[Result "1-0"]
[WhiteElo "2308"]
[BlackElo "1785"]
[PlyCount "75"]
[EventDate "2008.04.21"]
[EventType "swiss"]
[EventRounds "9"]
[EventCountry "FRA"]
[SourceTitle "EXT 2010"]
[Source "ChessBase"]
[SourceDate "2010.11.25"]
[SourceVersion "1"]
[SourceVersionDate "2010.11.25"]
[SourceQuality "1"]

1. e4 e5 2. Nf3 Nc6 3. d4 exd4 4. Nxd4 Nf6 5. Nxc6 bxc6 6. e5 Nd5 7. c4 Nb6 8. Bd3 Be7 9. 0-0 0-0 10. Nd2 d6 11. Qc2 g6 12. Nf3 Nd7 13. Bh6 Re8 14. Rad1 Nc5 15. Nd4 Bd7 16. Be2 Qc8 17. exd6 cxd6 18. Bf3 Rb8 19. b4 Ne6 20. Nxe6 Bxe6 21. Qc3 f6 22. Bf4 Rd8 23. c5 d5 24. Bxb8 Qxb8 25. Rfe1 Kf7 26. Qe3 Qc8 27. Rd2 Re8 28. Rde2 Bf8 29. a4 Bg7 30. b5 f5 31. b6 axb6 32. cxb6 d4 33. Qd3 c5 34. Rxe6 Rxe6 35. Bd5 Qb8 36. Rxe6 Kf8 37. Qb5 Be5 38. a5 1-0

[Event "FRA-ch U14"]
[Site "Le Grand Bornand"]
[Date "2007.04.??"]
[Round "4"]
[White "Lehaut, Mathieu"]
[Black "Cazottes, Guillaume"]
[Result "0-1"]
[WhiteElo "1830"]
[BlackElo "1902"]
[PlyCount "52"]
[EventDate "2007.04.07"]
[EventType "swiss"]
[EventRounds "9"]
[EventCountry "FRA"]
[SourceTitle "CBM 118 Extra"]
[Source "ChessBase"]
[SourceDate "2007.07.04"]
[SourceVersion "1"]
[SourceVersionDate "2007.07.04"]
[SourceQuality "1"]

1. e4 c5 2. Nf3 d6 3. d4 cxd4 4. Qxd4 Nc6 5. Bb5 Bd7 6. Bxc6 Bxc6 7. Nc3 Nf6 8. Bg5 h6 9. Bh4 g5 10. Bg3 Bg7 11. Qe3 Nh5 12. 0-0-0 Nxg3 13. hxg3 Qa5 14. Nd4 Rc8 15. Rhe1 b5 16. Kb1 b4 17. Nce2 Qe5 18. f3 d5 19. Qb3 dxe4 20. Nxc6 Rxc6 21. Nd4 Rc7 22. Rxe4 Qd6 23. c3 Rd7 24. Rde1 bxc3 25. Qxc3 0-0 26. Rd1 e5 0-1